Ekonomické prostredie SR a postavenie malých a stredných podnikov na Slovensku

Definovanie priaznivého podnikateľského prostredia. Vývoj makroekonomických ukazovateľov v Slovenskej republike. Porovnanie vývoja pomeru hrubého domáceho produktu v SR k priemeru EÚ. Silné a slabé stránky Slovenska. Postavenie malých a stredných podnikov na Slovensku. Rating Slovenskej republiky v...

Ausführliche Beschreibung

Gespeichert in:
Bibliographische Detailangaben
1. Verfasser: Ďuriš, Tomáš
Weitere Verfasser: Šubjak, Jozef
Format: Buchkapitel
Sprache:Slowakisch
Schlagworte:
Tags: Tag hinzufügen
Keine Tags, Fügen Sie das erste Tag hinzu!

MARC

LEADER 00000naa$a2200000$$$4500
001 0054620
005 20240502083137.3
041 0 |a slo 
044 |a CZ 
245 1 0 |a Ekonomické prostredie SR a postavenie malých a stredných podnikov na Slovensku  |c Tomáš Ďuriš, Jozef Šubjak 
520 |a Definovanie priaznivého podnikateľského prostredia. Vývoj makroekonomických ukazovateľov v Slovenskej republike. Porovnanie vývoja pomeru hrubého domáceho produktu v SR k priemeru EÚ. Silné a slabé stránky Slovenska. Postavenie malých a stredných podnikov na Slovensku. Rating Slovenskej republiky v roku 2005. 
610 2 0 |a hospodárstvo trhové 
610 2 0 |a Slovensko 
610 2 0 |a podnik malý 
610 2 0 |a podnik stredný 
610 2 0 |a rast hospodársky 
610 2 0 |a prostredie ekonomické 
610 2 0 |a prostredie podnikateľské 
610 2 0 |a inflácia 
610 2 0 |a ukazovatele makroekonomické 
100 1 |a Ďuriš, Tomáš 
700 1 |a Šubjak, Jozef